00787nam a22002297a 450000500170000001000120001702000100002903500120003903700160005104000120006708200380007924501160011724600490023326000390028227000060032130000530032765000530038065000410043365000250047465000200049970000380051920170124103133.0 aB-17249 c00.00 aB-17249 bCen Lib/Ret aDPLbHN a822bश्रेष्ठहि  aश्रेष्ठ हिंदी एकांकी \cसंपादक सुलेमान टाक  aShreth hindi ekanki /bsampadak Suleman Taak bग्रन्थविलास  b  a218पृ.c20सेमी(सजिल्द )  aसाहित्य--एकांकी x z  aहिंदी--एकांकी  aLiterature - one act aHindi - one act aताक, सुलेमान